| 000 | 00599nam a2200181Ia 4500 | ||
|---|---|---|---|
| 008 | 090630s9999 xx 000 0 und d | ||
| 082 | _b11315 | ||
| 100 | _aसौ. पोंक्षे वंदना. | ||
| 245 |
_aदिपकळी. _cसौ. पोंक्षे वंदना. |
||
| 260 |
_bरविराज. _c1986 |
||
| 300 | _a205 | ||
| 600 | _aसौ. पोंक्षे वंदना. | ||
| 630 | _aदिपकळी. | ||
| 655 | _aकादंबरी. | ||
| 700 | _aसौ. पोंक्षे वंदना. | ||
| 730 | _aदिपकळी. | ||
| 942 | _cBOOK | ||
| 999 |
_c263171 _d263171 |
||